[Event "Schachbundesliga 2011/2012"]
[Site "?"]
[Date "2012.02.05"]
[Round "9"]
[White "Howell, David W L"]
[Black "Aronian, Levon"]
[Result "0-1"]
[WhiteElo "2633"]
[BlackElo "2807"]
[PlyCount "110"]
[EventDate "2012.??.??"]

1. e4 g6 2. d4 Bg7 3. Nf3 d6 4. Bc4 Nf6 5. Qe2 O-O 6. e5 dxe5 7. dxe5 Nd5 8. h3
Be6 9. O-O Nd7 10. Bd2 a5 11. Nc3 N7b6 12. Bxd5 Nxd5 13. Ne4 Nb4 14. Bxb4 axb4
15. Rfd1 Qc8 16. Qb5 c6 17. Qxb4 Bd5 18. Ned2 Qc7 19. c4 c5 20. Qb5 Be6 21. Ne4
Ra5 22. Qb3 b5 23. Qe3 bxc4 24. Nc3 h6 25. Rd2 Qb8 26. Rad1 Rc8 27. Qe4 Ra7 28.
a3 Bf8 29. Nd5 Qb3 30. Nc3 Bf5 31. Qe3 Raa8 32. Ne1 h5 33. Kh2 Bg7 34. f3 Qb7
35. f4 Bh6 36. Kg1 Ra6 37. Nd5 Be6 38. Qf2 Kg7 39. Nc3 Rb6 40. Kh2 Rb3 41. Re2
Qb6 42. Kg1 Qa5 43. Qf3 Rd8 44. Rxd8 Qxd8 45. Rf2 h4 46. Kh2 Qd7 47. Kh1 Rb8
48. Ne4 Bd5 49. Qe3 Bxe4 50. Qxe4 Qd4 51. Qc2 Bxf4 52. Re2 Bg3 53. Nf3 Qd3 54.
Kg1 Rd8 55. Rd2 Qxc2 0-1

[Event "Schachbundesliga 2011/2012"]
[Site "?"]
[Date "2012.02.05"]
[Round "9"]
[White "Kempinski, Robert"]
[Black "Vallejo Pons, Francisco"]
[Result "1/2-1/2"]
[WhiteElo "2604"]
[BlackElo "2716"]
[PlyCount "56"]
[EventDate "2012.??.??"]

1. d4 Nf6 2. c4 e6 3. Nf3 c5 4. e3 cxd4 5. exd4 d5 6. a3 g6 7. Bg5 Bg7 8. cxd5
exd5 9. Bb5+ Nc6 10. Ne5 O-O 11. Nc3 Qb6 12. Bxc6 bxc6 13. O-O Qxb2 14. Na4 Qb7
15. Rb1 Qc7 16. Nc5 Ne4 17. Nxe4 dxe4 18. Bf4 Qd6 19. Qc1 Ba6 20. Nxc6 Qd7 21.
Rd1 Rac8 22. d5 Be2 23. Re1 Bd3 24. Rb3 Rfe8 25. h3 h6 26. Be3 Bf8 27. Rc3 Kh7
28. Nb4 Rxc3 1/2-1/2

[Event "Schachbundesliga 2011/2012"]
[Site "?"]
[Date "2012.02.05"]
[Round "9"]
[White "McShane, Luke J"]
[Black "Potkin, Vladimir"]
[Result "1-0"]
[WhiteElo "2671"]
[BlackElo "2671"]
[PlyCount "147"]
[EventDate "2012.??.??"]

1. e4 c5 2. Nf3 e6 3. d3 d5 4. Qe2 Nf6 5. g3 Nc6 6. Bg2 Be7 7. O-O b5 8. exd5
exd5 9. d4 b4 10. dxc5 O-O 11. a3 a5 12. axb4 Nxb4 13. Qd1 Bxc5 14. c3 Nc6 15.
b4 Bb6 16. b5 Na7 17. c4 Bf5 18. Ba3 dxc4 19. Bxf8 Qxf8 20. Na3 Rc8 21. Ne5 Qb4
22. Qf3 Be6 23. Qb7 Qc5 24. Naxc4 Bxc4 25. Nxc4 Qxc4 26. Qxb6 Nxb5 27. Qa6 Nd4
28. Qxc4 Rxc4 29. Rxa5 g6 30. Ra2 h5 31. Rfa1 Ne6 32. Ra4 Rc3 33. Rd1 Kg7 34.
Bf1 Ng4 35. Be2 Ne5 36. Re4 Kf6 37. Rd5 Nf3+ 38. Bxf3 Rxf3 39. Re3 Rxe3 40.
fxe3 Ng5 41. Kg2 Ne4 42. Kf3 Ng5+ 43. Ke2 Ne4 44. Ra5 Ng5 45. Ra4 Ne6 46. Rb4
Ke5 47. Rb5+ Ke4 48. Rb7 f5 49. Rb5 Nf8 50. Rb8 Nd7 51. Re8+ Ne5 52. Re6 Kd5
53. Ra6 Kc5 54. e4 fxe4 55. Ke3 Kd5 56. Ra5+ Ke6 57. Kxe4 Ng4 58. Kf4 Kf6 59.
Ra6+ Kg7 60. Kg5 Ne5 61. Ra7+ Nf7+ 62. Kf4 Kf6 63. Ra6+ Kg7 64. h3 Kh6 65. Ra5
Kg7 66. g4 hxg4 67. hxg4 Nd8 68. Ra7+ Nf7 69. g5 Kf8 70. Ra6 Kg7 71. Rf6 Nh6
72. Ke4 Nf7 73. Rxf7+ Kxf7 74. Kd5 1-0

[Event "Schachbundesliga 2011/2012"]
[Site "?"]
[Date "2012.02.05"]
[Round "9"]
[White "Motylev, Alexander"]
[Black "Fressinet, Laurent"]
[Result "1/2-1/2"]
[WhiteElo "2690"]
[BlackElo "2696"]
[PlyCount "65"]
[EventDate "2012.??.??"]

1. e4 e5 2. Nf3 Nc6 3. Bb5 Nf6 4. O-O Nxe4 5. d4 Nd6 6. Bxc6 dxc6 7. dxe5 Nf5
8. Qxd8+ Kxd8 9. Nc3 Ke8 10. h3 Be6 11. g4 Ne7 12. Nd4 Bd7 13. f4 h5 14. f5
hxg4 15. hxg4 Rh4 16. Rf4 c5 17. Nf3 Rh8 18. Be3 b6 19. Rd1 Bc6 20. Bf2 Rd8 21.
Rxd8+ Kxd8 22. Bh4 Ke8 23. Bxe7 Bxe7 24. Ne4 Bd5 25. b3 c4 26. bxc4 Bxc4 27.
Nf6+ gxf6 28. Rxc4 Rg8 29. Re4 Kf8 30. Kg2 c5 31. Kg3 fxe5 32. Nxe5 Kg7 33. Kf3
1/2-1/2

[Event "Schachbundesliga 2011/2012"]
[Site "?"]
[Date "2012.02.05"]
[Round "9"]
[White "Movsesian, Sergei"]
[Black "Rogozenco, Dorian"]
[Result "1-0"]
[WhiteElo "2715"]
[BlackElo "2552"]
[PlyCount "83"]
[EventDate "2012.??.??"]

1. e4 c5 2. Nc3 Nc6 3. Nge2 g6 4. d4 cxd4 5. Nxd4 Bg7 6. Nde2 Nf6 7. g3 d6 8.
Bg2 O-O 9. O-O Rb8 10. a4 a6 11. h3 b5 12. axb5 axb5 13. Re1 Nd7 14. Nf4 Nde5
15. Nce2 Bb7 16. Rb1 Rc8 17. b3 e6 18. Be3 Qc7 19. Qd2 Rfd8 20. Red1 Rd7 21. c3
Ne7 22. Nd4 Qb8 23. Qe2 Rxc3 24. Qxb5 Rc8 25. Nfxe6 fxe6 26. f4 N5c6 27. Nxe6
Ba8 28. Qe2 Nd8 29. Nxg7 Kxg7 30. Bd4+ Kg8 31. Ba1 d5 32. exd5 Qb6+ 33. Kh2 g5
34. Qg4 Rd6 35. Qxg5+ Ng6 36. f5 Nf7 37. Qg4 Rc2 38. fxg6 Rxg6 39. Qe4 Rc8 40.
Rf1 Qd6 41. Rf4 Rd8 42. Rbf1 1-0

[Event "Schachbundesliga 2011/2012"]
[Site "?"]
[Date "2012.02.05"]
[Round "9"]
[White "Shirov, Alexei"]
[Black "Huschenbeth, Niclas"]
[Result "1-0"]
[WhiteElo "2713"]
[BlackElo "2510"]
[PlyCount "85"]
[EventDate "2012.??.??"]

1. e4 c5 2. Nf3 d6 3. d4 cxd4 4. Nxd4 Nf6 5. Nc3 a6 6. Bg5 e6 7. f4 Be7 8. Qf3
Qc7 9. O-O-O Nbd7 10. g4 b5 11. Bxf6 Nxf6 12. g5 Nd7 13. f5 O-O 14. f6 gxf6 15.
gxf6 Nxf6 16. e5 dxe5 17. Nc6 Kh8 18. Nxe7 Qxe7 19. Qxa8 b4 20. Qb8 Nd7 21. Qc7
bxc3 22. Qxc3 Qg5+ 23. Kb1 Bb7 24. Bxa6 Bxh1 25. Rxh1 Nf6 26. h4 Qf4 27. Re1
Rd8 28. a3 Qd4 29. Qc7 Rd7 30. Qxe5 Qxe5 31. Rxe5 Rd4 32. h5 Nd7 33. Ra5 Kg7
34. b4 f5 35. c3 Rd6 36. c4 f4 37. c5 Rc6 38. Bb5 Rc7 39. Bxd7 Rxd7 40. c6 Rf7
41. Rc5 f3 42. Rc1 f2 43. Rf1 1-0

[Event "Schachbundesliga 2011/2012"]
[Site "?"]
[Date "2012.02.25"]
[Round "10"]
[White "Bacrot, Etienne"]
[Black "Stern, Rene"]
[Result "0-1"]
[WhiteElo "2705"]
[BlackElo "2506"]
[PlyCount "106"]
[EventDate "2012.??.??"]

1. c4 e6 2. g3 d5 3. Bg2 Nf6 4. Nf3 Be7 5. d4 O-O 6. O-O dxc4 7. Qa4 a6 8. Qxc4
b5 9. Qc2 Bb7 10. Bg5 Nbd7 11. Nbd2 Rc8 12. Bxf6 Nxf6 13. Nb3 Be4 14. Qc3 Nd5
15. Qa5 Bb4 16. Qxa6 c6 17. Ne5 Bxg2 18. Kxg2 Ne7 19. e4 f6 20. Nd3 Ra8 21.
Nxb4 Rxa6 22. Nxa6 Qd6 23. Nac5 Ng6 24. a4 bxa4 25. Rxa4 f5 26. Ra7 fxe4 27.
Rd7 Qb8 28. Rb7 Qc8 29. Ra1 e3 30. fxe3 e5 31. Rd7 Qe8 32. d5 cxd5 33. Kg1 Ne7
34. Nd2 Nf5 35. e4 dxe4 36. Ndxe4 Qg6 37. Raa7 Nd4 38. b4 Qh6 39. Rxg7+ Qxg7
40. Rxg7+ Kxg7 41. Kg2 Ra8 42. Nd3 Ra3 43. Nec5 e4 44. Nf4 Ra2+ 45. Kh3 e3 46.
Ncd3 e2 47. b5 Nf3 48. Ng2 Rd2 49. Nc5 h5 50. g4 h4 51. g5 e1=Q 52. Nxe1 Rxh2+
53. Kg4 Nxe1 0-1

[Event "Schachbundesliga 2011/2012"]
[Site "?"]
[Date "2012.02.25"]
[Round "10"]
[White "Efimenko, Zahar"]
[Black "Fedorchuk, Sergey A"]
[Result "1-0"]
[WhiteElo "2703"]
[BlackElo "2635"]
[PlyCount "87"]
[EventDate "2012.??.??"]

1. e4 e5 2. Nf3 Nc6 3. Bb5 a6 4. Ba4 Nge7 5. O-O g6 6. c3 Bg7 7. d4 exd4 8.
cxd4 b5 9. Bb3 Na5 10. Bc2 d6 11. Nc3 O-O 12. d5 Bg4 13. h3 Bxf3 14. Qxf3 c5
15. dxc6 Nexc6 16. Qd1 Nd4 17. Bd3 Rc8 18. Nd5 Nc4 19. Bxc4 Rxc4 20. b3 Rc8 21.
Bb2 Nf3+ 22. Qxf3 Bxb2 23. Rab1 Bg7 24. Rbc1 Qg5 25. Qe3 Qxe3 26. fxe3 Rce8 27.
Rc6 a5 28. Ra6 a4 29. bxa4 bxa4 30. Rxa4 Ra8 31. Ne7+ Kh8 32. Rxa8 Rxa8 33. Rc1
Bh6 34. Rc8+ Rxc8 35. Nxc8 Bxe3+ 36. Kf1 Bc5 37. a4 Kg7 38. a5 Kf6 39. a6 Ke5
40. Ke2 Kxe4 41. Nxd6+ Kd5 42. Nxf7 Kc6 43. Ng5 h5 44. Ne6 1-0

[Event "Schachbundesliga 2011/2012"]
[Site "?"]
[Date "2012.02.25"]
[Round "10"]
[White "Fridman, Daniel"]
[Black "Vitiugov, Nikita"]
[Result "1/2-1/2"]
[WhiteElo "2652"]
[BlackElo "2726"]
[PlyCount "91"]
[EventDate "2012.??.??"]

1. d4 Nf6 2. Nf3 d5 3. c4 e6 4. Nc3 Bb4 5. Qa4+ Nc6 6. e3 O-O 7. Bd2 dxc4 8.
Bxc4 Bd6 9. Nb5 Be7 10. Qc2 a6 11. Nc3 b5 12. Be2 Bb7 13. a3 Bd6 14. Ne4 Nxe4
15. Qxe4 Rb8 16. Qc2 e5 17. Bd3 g6 18. Be4 Qe8 19. dxe5 Nxe5 20. Bxb7 Rxb7 21.
Nxe5 Qxe5 22. Bc3 Qe6 23. O-O c5 24. Rfd1 Rc8 25. Qe2 Be5 26. Rac1 Bxc3 27.
Rxc3 c4 28. Qd2 Rcc7 29. Qd8+ Kg7 30. Qd4+ f6 31. Rcc1 Rd7 32. Qc3 Rd5 33. Rxd5
Qxd5 34. h3 Rd7 35. a4 Qd2 36. axb5 axb5 37. Ra1 b4 38. Qxc4 Qxb2 39. Ra8 Rd1+
40. Kh2 Qxf2 41. Qg8+ Kh6 42. Qf8+ Kh5 43. Ra5+ f5 44. Rxf5+ gxf5 45. Qf7+ Kh6
46. Qf6+ 1/2-1/2

[Event "Schachbundesliga 2011/2012"]
[Site "?"]
[Date "2012.02.25"]
[Round "10"]
[White "Giri, Anish"]
[Black "Ragger, Markus"]
[Result "1/2-1/2"]
[WhiteElo "2722"]
[BlackElo "2655"]
[PlyCount "225"]
[EventDate "2012.??.??"]

1. d4 d5 2. c4 c6 3. Nc3 Nf6 4. e3 e6 5. Nf3 Nbd7 6. Bd3 dxc4 7. Bxc4 b5 8. Bd3
Bb7 9. O-O a6 10. e4 c5 11. d5 Qc7 12. Bc2 O-O-O 13. Ng5 Nb6 14. a4 h6 15. Nxf7
Qxf7 16. axb5 a5 17. Qf3 Bd6 18. Qh3 Qh5 19. Qxh5 Nxh5 20. dxe6 g5 21. Rxa5 Ng7
22. Nd5 Nxd5 23. exd5 Bxd5 24. b4 Nxe6 25. b6 Nd4 26. bxc5 Bf4 27. Bd3 Nb3 28.
Ra7 Kb8 29. Ba3 Bc6 30. Bc2 Nd4 31. Ba4 Bxa4 32. Rxa4 Nc6 33. Bc1 Rhf8 34. Re4
Rd5 35. h4 Kb7 36. g3 Bxc1 37. Rxc1 Rd2 38. Rf1 Rf7 39. Kg2 Rc2 40. hxg5 hxg5
41. Kh3 Rxc5 42. Kg4 Ne5+ 43. Kh3 Nf3 44. Ra1 Rf6 45. Ra7+ Kxb6 46. Rea4 Rh6+
47. Kg2 Ne1+ 48. Kg1 Nf3+ 49. Kg2 Ne1+ 50. Kg1 Rh8 51. R4a6+ Kb5 52. Ra5+ Kc6
53. Rxc5+ Kxc5 54. Rg7 Kd4 55. Kf1 Nf3 56. Kg2 Rf8 57. Re7 g4 58. Rd7+ Ke4 59.
Ra7 Rd8 60. Ra1 Rd2 61. Ra4+ Rd4 62. Ra1 Kd3 63. Ra3+ Kd2 64. Ra8 Re4 65. Ra2+
Ke1 66. Ra1+ Ke2 67. Ra2+ Nd2 68. Ra8 Nf3 69. Ra2+ Kd3 70. Ra3+ Kd4 71. Ra4+
Ke5 72. Ra5+ Kf6 73. Ra6+ Kf5 74. Ra5+ Re5 75. Ra4 Rb5 76. Ra1 Rb2 77. Ra5+ Ne5
78. Ra3 Rc2 79. Rb3 Ra2 80. Rb5 Ke4 81. Rb4+ Kd5 82. Rb5+ Kd4 83. Rb4+ Kc5 84.
Rf4 Kd5 85. Kf1 Rc2 86. Kg2 Rc4 87. Rf8 Nd3 88. Rd8+ Ke4 89. Re8+ Kd4 90. Rg8
Kc3 91. f4 Kd4 92. Rxg4 Rc2+ 93. Kg1 Ke3 94. Rg8 Kf3 95. Ra8 Kxg3 96. Rg8+ Kf3
97. Ra8 Rc3 98. Kh2 Nf2 99. f5 Ne4 100. f6 Nxf6 101. Ra1 Ng4+ 102. Kh3 Rc5 103.
Rf1+ Nf2+ 104. Kh4 Ra5 105. Rb1 Ne4 106. Rf1+ Ke3 107. Re1+ Kf4 108. Rf1+ Ke5
109. Kg4 Ra4 110. Rf5+ Ke6 111. Rf4 Nf6+ 112. Kf3 Rxf4+ 113. Kxf4 1/2-1/2

[Event "Schachbundesliga 2011/2012"]
[Site "?"]
[Date "2012.02.25"]
[Round "10"]
[White "Kraemer, Martin"]
[Black "Berkes, Ferenc"]
[Result "0-1"]
[WhiteElo "2492"]
[BlackElo "2706"]
[PlyCount "100"]
[EventDate "2012.??.??"]

1. d4 d5 2. c4 dxc4 3. Nf3 a6 4. e3 Bg4 5. Bxc4 e6 6. h3 Bh5 7. g4 Bg6 8. Ne5
Be4 9. f3 Bd5 10. Be2 b6 11. e4 Bb7 12. Be3 Be7 13. Qa4+ c6 14. Nc3 Bh4+ 15.
Kf1 Nf6 16. Rg1 Nfd7 17. Nd3 Be7 18. Rd1 O-O 19. Kg2 Qc7 20. b4 Rc8 21. Rc1 Qd8
22. Rgd1 Nf8 23. Qb3 Nbd7 24. a4 h6 25. a5 Ng6 26. axb6 Qxb6 27. Na4 Qc7 28.
Bf2 Bh4 29. e5 Bxf2 30. Kxf2 Qd8 31. Qb2 a5 32. bxa5 Ba6 33. Nb6 Rcb8 34. Qd2
Nxb6 35. axb6 Rxb6 36. Qe3 Rb3 37. Kg1 Bb5 38. Rb1 Rc3 39. Rbc1 Rb3 40. Rb1
Rxb1 41. Rxb1 Qh4 42. Qf2 Ra3 43. Rd1 Qxh3 44. Bf1 Qh4 45. Qxh4 Nxh4 46. Kf2 g5
47. Be2 Ra2 48. Kf1 Ng6 49. Ke1 Nh4 50. Kf1 Kg7 0-1

[Event "Schachbundesliga 2011/2012"]
[Site "?"]
[Date "2012.02.25"]
[Round "10"]
[White "McShane, Luke J"]
[Black "Jones, Gawain C B"]
[Result "1/2-1/2"]
[WhiteElo "2671"]
[BlackElo "2624"]
[PlyCount "55"]
[EventDate "2012.??.??"]

1. b3 e5 2. Bb2 Nc6 3. e3 Nf6 4. Bb5 Bd6 5. Nc3 a6 6. Bxc6 dxc6 7. Nge2 O-O 8.
O-O Qe7 9. f4 Bg4 10. Qe1 Rad8 11. fxe5 Bxe5 12. Ng3 Rfe8 13. Na4 b5 14. Bxe5
Qxe5 15. Nc3 c5 16. Qf2 h5 17. h3 Be6 18. Rad1 b4 19. Na4 h4 20. Nh1 Ne4 21.
Qxh4 Rxd2 22. Rxd2 Nxd2 23. Rd1 Ne4 24. Qf4 Bf5 25. Qxe5 Rxe5 26. Nf2 Nd6 27.
Nd3 Bxd3 28. cxd3 1/2-1/2

[Event "Schachbundesliga 2011/2012"]
[Site "?"]
[Date "2012.02.25"]
[Round "10"]
[White "Rabiega, Robert"]
[Black "Vallejo Pons, Francisco"]
[Result "0-1"]
[WhiteElo "2501"]
[BlackElo "2716"]
[PlyCount "66"]
[EventDate "2012.??.??"]

1. e4 e6 2. d4 d5 3. exd5 exd5 4. Bd3 c5 5. dxc5 Bxc5 6. Nf3 Nf6 7. O-O O-O 8.
Nc3 h6 9. Bf4 Bg4 10. Qd2 Bb4 11. Bxh6 Re8 12. Bxg7 Kxg7 13. Qg5+ Kf8 14. Rae1
Be6 15. Nd4 Bxc3 16. Qh6+ Ke7 17. bxc3 Nc6 18. Bb5 Nxd4 19. Bxe8 Nf5 20. Qg5
Nd6 21. Ba4 Qh8 22. f3 Rg8 23. Qe5 Qh5 24. Qd4 Rh8 25. h3 Qh4 26. Qxa7 Nh5 27.
Qd4 Nf4 28. Rf2 Rg8 29. Kf1 Nf5 30. Qb4+ Kf6 31. c4 Ng3+ 32. Kg1 Nxh3+ 33. gxh3
Ne4+ 0-1

[Event "Schachbundesliga 2011/2012"]
[Site "?"]
[Date "2012.02.25"]
[Round "10"]
[White "Richter, Michael"]
[Black "Naiditsch, Arkadij"]
[Result "1/2-1/2"]
[WhiteElo "2484"]
[BlackElo "2707"]
[PlyCount "113"]
[EventDate "2012.??.??"]

1. d4 Nf6 2. c4 e6 3. Nc3 Bb4 4. Qc2 d5 5. cxd5 Qxd5 6. Nf3 Qf5 7. Qxf5 exf5 8.
a3 Be7 9. Bf4 c6 10. e3 Nbd7 11. Bc4 Nb6 12. Bb3 Nfd5 13. Nxd5 Nxd5 14. Bxd5
cxd5 15. O-O f6 16. Nd2 Bd7 17. Rfc1 b6 18. Nb1 Kf7 19. Nc3 Ke6 20. a4 g5 21.
Bg3 a6 22. Bc7 b5 23. a5 Rhc8 24. Na2 b4 25. b3 Bb5 26. Bb6 Bd3 27. Rxc8 Rxc8
28. Rc1 Rc2 29. Rxc2 Bxc2 30. Bc5 Bxb3 31. Nxb4 Bc4 32. Bxe7 Kxe7 33. f3 Kd6
34. Kf2 h6 35. f4 Kd7 36. Ke1 Kd6 37. Kd2 Bf1 38. g3 Bc4 39. Kc3 g4 40. Kd2 h5
41. Ke1 Kd7 42. Kf2 Kc7 43. Kg2 Kd6 44. h3 Kd7 45. h4 Kd6 46. Kf2 Kd7 47. Ke1
Kd6 48. Kd2 Kd7 49. Kc3 Kd6 50. Nc2 Kc6 51. e4 fxe4 52. Ne3 Kd6 53. Nf5+ Ke6
54. Ng7+ Kf7 55. Nf5 Ke6 56. Ng7+ Kf7 57. Nf5 1/2-1/2

[Event "Schachbundesliga 2011/2012"]
[Site "?"]
[Date "2012.02.26"]
[Round "11"]
[White "Berkes, Ferenc"]
[Black "Ghaem Maghami, Ehsan"]
[Result "1/2-1/2"]
[WhiteElo "2706"]
[BlackElo "2583"]
[PlyCount "41"]
[EventDate "2012.??.??"]

1. g3 c5 2. Bg2 Nc6 3. Nf3 g6 4. O-O Bg7 5. Nc3 d6 6. a3 Nf6 7. Rb1 Rb8 8. b4
cxb4 9. axb4 b5 10. e3 O-O 11. d3 a6 12. Bd2 Qc7 13. Re1 e5 14. Ng5 Bb7 15.
Nge4 Nxe4 16. Bxe4 Ne7 17. Bxb7 Qxb7 18. e4 Rfc8 19. Na2 d5 20. Nc1 dxe4 21.
Rxe4 1/2-1/2

[Event "Schachbundesliga 2011/2012"]
[Site "?"]
[Date "2012.02.26"]
[Round "11"]
[White "Fedorchuk, Sergey A"]
[Black "Giri, Anish"]
[Result "1/2-1/2"]
[WhiteElo "2635"]
[BlackElo "2722"]
[PlyCount "42"]
[EventDate "2012.??.??"]

1. e4 e5 2. Nf3 Nc6 3. Bc4 Nf6 4. d3 Be7 5. O-O O-O 6. Re1 d6 7. a4 Kh8 8. c3
Ng8 9. d4 f5 10. dxe5 fxe4 11. Rxe4 Rxf3 12. gxf3 Nxe5 13. Rxe5 dxe5 14. Qxd8
Bxd8 15. Nd2 Nf6 16. Ne4 Nxe4 17. fxe4 Bg4 18. Kg2 Bh4 19. f3 Bh5 20. Be3 Rd8
21. b4 h6 1/2-1/2

[Event "Schachbundesliga 2011/2012"]
[Site "?"]
[Date "2012.02.26"]
[Round "11"]
[White "Gauglitz, Gernot"]
[Black "Bacrot, Etienne"]
[Result "0-1"]
[WhiteElo "2406"]
[BlackElo "2705"]
[PlyCount "68"]
[EventDate "2012.??.??"]

1. d4 g6 2. Nf3 Bg7 3. g3 f5 4. Bg2 Nf6 5. O-O O-O 6. c4 d6 7. Nc3 Qe8 8. d5
Na6 9. Nd4 Bd7 10. Rb1 c6 11. Nb3 Rb8 12. Be3 c5 13. Bd2 b6 14. a3 Nc7 15. Nc1
b5 16. cxb5 Bxb5 17. Nxb5 Qxb5 18. Bc3 Qc4 19. Bxf6 Bxf6 20. b3 Qd4 21. Qxd4
Bxd4 22. e3 Bf6 23. a4 a5 24. e4 c4 25. exf5 gxf5 26. Re1 Rb4 27. Bh3 Nxd5 28.
Bxf5 Nc3 29. Rb2 Kg7 30. Be6 d5 31. Na2 Nxa2 32. Rxa2 cxb3 33. Rae2 b2 34. Rb1
Rxa4 0-1

[Event "Schachbundesliga 2011/2012"]
[Site "?"]
[Date "2012.02.26"]
[Round "11"]
[White "Naiditsch, Arkadij"]
[Black "Loxine, Jakov"]
[Result "1/2-1/2"]
[WhiteElo "2707"]
[BlackElo "2399"]
[PlyCount "109"]
[EventDate "2012.??.??"]

1. e4 c5 2. Nf3 e6 3. d4 cxd4 4. Nxd4 a6 5. Bd3 Nf6 6. O-O e5 7. Nf3 Nc6 8. Nc3
Bc5 9. Nd5 h6 10. Be3 Bxe3 11. fxe3 d6 12. Nxf6+ Qxf6 13. Qe1 Qe7 14. Nh4 g6
15. Bc4 Be6 16. Bd5 Bxd5 17. exd5 Nb8 18. Qg3 Qg5 19. Qh3 Rf8 20. Rae1 e4 21.
Rf4 f5 22. Kh1 h5 23. Ref1 Nd7 24. g3 Ne5 25. c4 Ng4 26. Qg2 O-O-O 27. Rc1 Kb8
28. Qd2 Ne5 29. Rf2 Qe7 30. Rc3 Qh7 31. b4 Nd3 32. Rf1 Nxb4 33. Rb1 Nd3 34. Nf3
exf3 35. Rxd3 Qe7 36. Kg1 h4 37. Qa5 hxg3 38. hxg3 Rd7 39. Qxa6 Qe5 40. Kf2 Rh8
41. Rdb3 Rh2+ 42. Kf1 Rh1+ 43. Kf2 Rxb1 44. Rxb1 Rh7 45. Qb6 Kc8 46. c5 Qe4 47.
Qb3 dxc5 48. d6 Rd7 49. Rd1 b6 50. a4 Qc6 51. Qe6 Qxa4 52. Rd2 Kb7 53. Qxg6 Qb4
54. Rd1 Qb3 55. Rd2 1/2-1/2

[Event "Schachbundesliga 2011/2012"]
[Site "?"]
[Date "2012.02.26"]
[Round "11"]
[White "Ragger, Markus"]
[Black "Efimenko, Zahar"]
[Result "1/2-1/2"]
[WhiteElo "2655"]
[BlackElo "2703"]
[PlyCount "41"]
[EventDate "2012.??.??"]

1. Nf3 Nf6 2. c4 e6 3. g3 d5 4. d4 Bb4+ 5. Bd2 Be7 6. Bg2 c6 7. Qc2 Nbd7 8. O-O
O-O 9. Rd1 b6 10. Bf4 Ba6 11. b3 Rc8 12. Nc3 Nh5 13. Bc1 Nhf6 14. Bf4 Nh5 15.
Bc1 Nhf6 16. e4 dxc4 17. Bf4 Bb4 18. Nd2 Qe7 19. Nxc4 Bxc4 20. bxc4 e5 21. dxe5
1/2-1/2

[Event "Schachbundesliga 2011/2012"]
[Site "?"]
[Date "2012.02.26"]
[Round "11"]
[White "Stellwagen, Daniel"]
[Black "McShane, Luke J"]
[Result "1/2-1/2"]
[WhiteElo "2625"]
[BlackElo "2671"]
[PlyCount "104"]
[EventDate "2012.??.??"]

1. e4 e5 2. Nf3 Nc6 3. Bb5 Nf6 4. O-O Nxe4 5. d4 Nd6 6. Bxc6 dxc6 7. dxe5 Nf5
8. Qxd8+ Kxd8 9. Nc3 h6 10. h3 Bd7 11. b3 Ne7 12. Bb2 c5 13. Rad1 Kc8 14. Ne2
Ng6 15. Ne1 h5 16. f4 Ne7 17. Nf3 Nf5 18. Ng5 Be8 19. e6 f6 20. Ne4 b6 21. N2g3
Ne3 22. Rde1 Nxc2 23. Nf5 Nxe1 24. Rxe1 Kb7 25. e7 Bxe7 26. Nxe7 Bd7 27. Bxf6
gxf6 28. Nxf6 Rad8 29. g4 hxg4 30. hxg4 Bxg4 31. Nxg4 Rh4 32. Ne3 Rxf4 33. Re2
Rd3 34. N7f5 a5 35. Kg2 a4 36. bxa4 Rxa4 37. Kf3 Rda3 38. Rd2 Rxa2 39. Rd7 Kc6
40. Rh7 Rd2 41. Ne7+ Kb5 42. N7d5 Ra3 43. Nxc7+ Kc6 44. Ne8 Rdd3 45. Rh6+ Kd7
46. Nf6+ Kc7 47. Kf4 Ra4+ 48. Kf5 Rad4 49. Neg4 Kb7 50. Ne5 Rd1 51. Rh7+ Ka6
52. Ne8 b5 1/2-1/2

[Event "Schachbundesliga 2011/2012"]
[Site "?"]
[Date "2012.02.26"]
[Round "11"]
[White "Vallejo Pons, Francisco"]
[Black "Maiwald, Jens-Uwe"]
[Result "1-0"]
[WhiteElo "2716"]
[BlackElo "2459"]
[PlyCount "43"]
[EventDate "2012.??.??"]

1. e4 g6 2. d4 Bg7 3. Nc3 d6 4. Bg5 h6 5. Be3 Nf6 6. h3 Nbd7 7. g4 c5 8. e5
dxe5 9. dxe5 Nxe5 10. Qxd8+ Kxd8 11. O-O-O+ Bd7 12. f4 Nc6 13. Bxc5 h5 14. g5
Ne8 15. Nge2 Nc7 16. Bg2 Re8 17. Rd2 Kc8 18. Rhd1 Be6 19. b3 Bf8 20. Na4 Rd8
21. Rxd8+ Nxd8 22. Bxa7 1-0

[Event "Schachbundesliga 2011/2012"]
[Site "?"]
[Date "2012.02.26"]
[Round "11"]
[White "Vitiugov, Nikita"]
[Black "Volokitin, Andrei"]
[Result "0-1"]
[WhiteElo "2726"]
[BlackElo "2686"]
[PlyCount "96"]
[EventDate "2012.??.??"]

1. c4 g6 2. e4 e5 3. d4 Nf6 4. Nf3 exd4 5. e5 Ne4 6. Qxd4 Bb4+ 7. Nbd2 Ng5 8.
Be2 Nc6 9. Qe3 Nxf3+ 10. Bxf3 O-O 11. O-O Re8 12. Bxc6 dxc6 13. Nf3 Bg4 14. Qb3
a5 15. Bg5 Qc8 16. Bf6 Be7 17. Bxe7 Rxe7 18. Rfe1 a4 19. Qc3 Bxf3 20. Qxf3 Qe6
21. Qc3 Rd7 22. Rad1 Rad8 23. Rxd7 Qxd7 24. e6 fxe6 25. Qe3 Qf7 26. g3 Qf5 27.
Kg2 Kf7 28. h4 c5 29. Qh6 Kg8 30. Qe3 Rd4 31. Qe2 e5 32. b3 axb3 33. axb3 e4
34. Ra1 Rd3 35. Ra8+ Kf7 36. Rh8 Kg7 37. Re8 Qf3+ 38. Qxf3 exf3+ 39. Kh3 Kf6
40. g4 Rxb3 41. g5+ Kf5 42. Re7 c6 43. Rxh7 b5 44. Rc7 bxc4 45. Rxc6 Rb5 46.
Ra6 Ke4 47. h5 gxh5 48. g6 c3 0-1

[Event "Schachbundesliga 2011/2012"]
[Site "Baden Baden GER"]
[Date "2012.04.14"]
[Round "14"]
[White "Bacrot, Etienne"]
[Black "Braun, Arik"]
[Result "1/2-1/2"]
[WhiteElo "2705"]
[BlackElo "2560"]
[PlyCount "156"]
[EventDate "2011.10.14"]

1. d4 Nf6 2. c4 e6 3. Nf3 b6 4. g3 Bb7 5. Bg2 Be7 6. O-O O-O 7. Re1 c5 8. d5
exd5 9. Nh4 Ne4 10. cxd5 Bxh4 11. Bxe4 Bf6 12. Qc2 g6 13. Bg2 d6 14. Nc3 Nd7
15. Ne4 Be7 16. Bh6 Re8 17. Qc3 Bf6 18. Nxf6+ Qxf6 19. Qd2 Ne5 20. Bg5 Qf5 21.
e4 Nf3+ 22. Bxf3 Qxf3 23. Re3 Qh5 24. Bf6 g5 25. h4 Qg6 26. hxg5 Rxe4 27. Rae1
Rxe3 28. Rxe3 Qb1+ 29. Kh2 Qf5 30. Qe2 Kf8 31. Be7+ Kg7 32. Bxd6 Qxd5 33. Be5+
Kg8 34. f3 Re8 35. Bc3 Re6 36. Kg2 Bc8 37. Rxe6 Bxe6 38. Qe3 Qf5 39. g4 Qc2+
40. Kg3 Qd1 41. a4 a5 42. g6 hxg6 43. Qe5 Kf8 44. Qh8+ Ke7 45. Bf6+ Kd6 46.
Qd8+ Bd7 47. Qxb6+ Kd5 48. Qxa5 Qg1+ 49. Kh3 Qh1+ 50. Kg3 Qg1+ 51. Kh3 Qh1+ 52.
Kg3 Qg1+ 53. Kh4 Qf2+ 54. Kg5 Qxf3 55. Qa8+ Bc6 56. Qd8+ Kc4 57. Qe7 Qd5+ 58.
Kh6 Bxa4 59. g5 Bc2 60. Qa7 Kd3 61. Qa6+ c4 62. Kg7 Ke4 63. Qa1 Kf5 64. Qf1+
Ke6 65. Qh3+ Bf5 66. Qh8 Qd7 67. Qa8 Kd6 68. Qa5 Kc6 69. Qa4+ Kd5 70. Qb4 Be6
71. Qe1 Kc6 72. Qe3 Qd5 73. Qa7 Qd7 74. Qa8+ Qb7 75. Qa4+ Qb5 76. Qa3 Kb7 77.
Qe7+ Qd7 78. Qb4+ Kc6 1/2-1/2

[Event "Schachbundesliga 2011/2012"]
[Site "Baden Baden GER"]
[Date "2012.04.14"]
[Round "14"]
[White "Bindrich, Falko"]
[Black "Adams, Michael"]
[Result "1/2-1/2"]
[WhiteElo "2548"]
[BlackElo "2733"]
[PlyCount "109"]
[EventDate "2011.10.14"]

1. Nf3 Nf6 2. c4 e6 3. Nc3 Bb4 4. Qc2 O-O 5. a3 Bxc3 6. Qxc3 d6 7. d4 h6 8. g3
b6 9. Bg2 Bb7 10. O-O a5 11. b3 Nbd7 12. Bb2 Re8 13. Rfd1 Qe7 14. Rac1 Rac8 15.
b4 axb4 16. axb4 c5 17. Qb3 Be4 18. h3 Rc7 19. bxc5 bxc5 20. Qe3 Rb7 21. Ba1
Rc8 22. dxc5 Rxc5 23. Qd2 Ne8 24. Qe3 Nef6 25. Qd2 Rc6 26. Nd4 Bxg2 27. Kxg2
Rc5 28. Nf3 Ne8 29. Qd3 Rc8 30. Nd2 Nc5 31. Qe3 e5 32. Bc3 Nb3 33. Nxb3 Rxb3
34. Qe4 Nf6 35. Qd3 Qb7+ 36. f3 Ne8 37. Rb1 Rxb1 38. Rxb1 Qc6 39. Rb4 Nc7 40.
Qe3 Ne6 41. Bb2 Qa6 42. Rb6 Qa2 43. Qd2 Qxc4 44. Rxd6 e4 45. Qe3 Rb8 46. Rd2
exf3+ 47. exf3 Rb3 48. Qe2 Qc6 49. h4 Rb4 50. Qe5 Rb5 51. Qe2 Qb6 52. Rc2 Qb7
53. Be5 Qd7 54. Rb2 Rxb2 55. Bxb2 1/2-1/2